Agricultural growth,rural poverty and environmental degradation in india (Record no. 149978)

MARC details
000 -LEADER
fixed length control field 00421nam a2200145Ia 4500
008 - FIXED-LENGTH DATA ELEMENTS--GENERAL INFORMATION
fixed length control field 161229s9999 xx 000 0 und d
020 ## - INTERNATIONAL STANDARD BOOK NUMBER
International Standard Book Number 0195633431
082 ## - DEWEY DECIMAL CLASSIFICATION NUMBER
Classification number 338.18 HAN/AG
100 ## - MAIN ENTRY--PERSONAL NAME
Personal name Hanumantha Rao, C H
245 ## - TITLE STATEMENT
Title Agricultural growth,rural poverty and environmental degradation in india
260 ## - PUBLICATION, DISTRIBUTION, ETC. (IMPRINT)
Name of publisher, distributor, etc. Oxford University Press
Place of publication, distribution, etc. Bombay
Date of publication, distribution, etc. 1994
300 ## - PHYSICAL DESCRIPTION
Extent xiv,274
700 ## - ADDED ENTRY--PERSONAL NAME
Personal name Mishra, S N,ed.
942 ## - ADDED ENTRY ELEMENTS (KOHA)
Koha item type Books (General)
Holdings
Withdrawn status Lost status Damaged status Not for loan Home library Current library Date acquired Cost, normal purchase price Total Checkouts Full call number Barcode Date last seen Price effective from Koha item type Public note
        KAU Central Library, Thrissur KAU Central Library, Thrissur 29/12/2016 340.00   338.18 HAN/AG 901287 29/12/2016 29/12/2016 Books (General) Book transferred from CCBM Library ,Acc.No:4769
Kerala Agricultural University Central Library
Thrissur-(Dt.), Kerala Pin:- 680656, India
Ph : (+91)(487) 2372219
E-mail: librarian@kau.in
Website: http://library.kau.in/